| 000 | 00603nam a22001697a 4500 | ||
|---|---|---|---|
| 003 | OSt | ||
| 005 | 20171010095515.0 | ||
| 008 | 120814t xxu||||| |||| 00| 0 eng d | ||
| 040 |
_aMMSU _cULS |
||
| 100 |
_aSalvatierra, Francis R. _912148 |
||
| 245 |
_aUpgrading the automotive technology course: a five-year development plan, 1999-2003 _cFrancis R. Salvatierra |
||
| 260 | _c1999 | ||
| 300 |
_axvi, 179 leaves _c28 cm. |
||
| 500 | _aThesis (MA Education-Industrial Arts) -- Mariano Marcos State University-Graduate School, Laoag City | ||
| 504 | _aBibliography: leaves 176-178 | ||
| 942 |
_2ddc _cTHEDIS |
||
| 999 |
_c9724 _d9724 |
||